[Event "ECC"]
[Site "Panormo GRE"]
[Date "2001.09.26"]
[Round "4"]
[White "Meessen,R"]
[Black "Golod,V"]
[Result "0-1"]
[WhiteElo "2323"]
[BlackElo "2514"]
[EventDate "2001.09.22"]

1. d4 Nf6 2. c4 g6 3. f3 d5 4. cxd5 Nxd5 5. e4 Nb6 6. Nc3 Bg7 7. Be3 O-O 8.
f4 Nc6 9. d5 Nb8 10. a4 c6 11. a5 N6d7 12. e5 cxd5 13. Qxd5 Nc6 14. h4 e6
15. Qd6 f6 16. h5 fxe5 17. hxg6 Nf6 18. fxe5 Qxd6 19. gxh7+ Kh8 20. exd6
Ng4 21. Bg5 Nd4 22. Ra4 Bd7 23. Rc4 Rf5 24. Nh3 Nf2 25. Rg1 Nxh3 26. Be7
Nxg1 27. Bd3 Rxa5 28. Rc7 Bc6 29. Kf2 Nf5 30. Kxg1 Nxe7 31. dxe7 Be5 32.
Rxc6 bxc6 33. Bg6 Bxc3 34. bxc3 Rc5 35. Kf2 a5 36. Ke3 a4 37. Kd4 Rg5 0-1

[Event "ECC"]
[Site "Panormo GRE"]
[Date "2001.09.26"]
[Round "4"]
[White "Roiz,M"]
[Black "Petzold,K"]
[Result "1-0"]
[WhiteElo "2511"]
[BlackElo "2269"]
[EventDate "2001.09.22"]

1. d4 d5 2. c4 c6 3. Nc3 Nf6 4. e3 g6 5. Nf3 Bg7 6. Be2 O-O 7. O-O dxc4 8.
Bxc4 Bg4 9. h3 Bxf3 10. Qxf3 Nbd7 11. Rd1 e5 12. Bb3 Qe7 13. Bd2 Rad8 14.
dxe5 Nxe5 15. Qe2 Nd3 16. Rab1 Rd7 17. e4 Nc5 18. Bc2 Rfd8 19. Be3 Rxd1+
20. Rxd1 Rxd1+ 21. Nxd1 a6 22. f3 Ne6 23. g4 Nd7 24. f4 Bd4 25. Bxd4 Nxd4
26. Qf2 c5 27. Nc3 b5 28. Bd3 Nb6 29. e5 f6 30. exf6 Qxf6 31. Ne4 Qf8 32.
b4 Nd5 33. Nxc5 Nc6 34. f5 Ndxb4 35. Be4 Qd6 36. Ne6 Nd3 37. Qe3 Nce5 38.
Kg2 Qa3 39. Qa7 Nf4+ 40. Nxf4 Qxa2+ 41. Kg3 Qa3+ 42. Kh4 1-0

[Event "ECC"]
[Site "Panormo GRE"]
[Date "2001.09.26"]
[Round "4"]
[White "Plumanns,D"]
[Black "Tseitlin,Ma"]
[Result "0-1"]
[WhiteElo "2199"]
[BlackElo "2509"]
[EventDate "2001.09.22"]

1. d4 Nf6 2. e3 g6 3. c4 Bg7 4. Nc3 O-O 5. Nf3 d6 6. Be2 Nbd7 7. O-O e5 8.
dxe5 dxe5 9. Qc2 Re8 10. Nd2 Qe7 11. e4 c6 12. Nb3 Nf8 13. Be3 Ne6 14. Rad1
h5 15. Rd2 Ng4 16. Bxg4 hxg4 17. Ne2 Qh4 18. f4 gxf3 19. Rxf3 Ng5 20. Bxg5
Qxg5 21. Nc5 b6 22. Nd3 Bh6 23. Rd1 Bg4 24. Rg3 Qh5 25. Re1 Rad8 26. h3 Be6
27. b3 Qh4 28. Nf2 Rd2 29. Qc3 Rxa2 30. Rd3 Bf8 31. b4 a5 32. Qb3 Bxb4 33.
Qxa2 Bxe1 34. Rf3 Bxf2+ 35. Rxf2 Qxe4 0-1

[Event "ECC"]
[Site "Panormo GRE"]
[Date "2001.09.26"]
[Round "4"]
[White "Miton,K"]
[Black "Galego,L"]
[Result "1/2-1/2"]
[WhiteElo "2516"]
[BlackElo "2467"]
[EventDate "2001.09.22"]

1. d4 d6 2. c4 e5 3. Nf3 exd4 4. Nxd4 Nf6 5. Nc3 Be7 6. g3 d5 7. cxd5 Nxd5
8. Bg2 Nxc3 9. bxc3 c5 10. Nb5 Qa5 11. Rb1 O-O 12. O-O a6 13. Nd6 Bxd6 14.
Qxd6 Qxa2 15. Bg5 Nc6 16. Qxc5 Qxe2 17. Rfe1 Qh5 18. Be7 Qxc5 19. Bxc5 Rd8
20. Bb6 Rf8 21. Bc5 Rd8 22. Bb6 Rf8 23. Bc5 1/2-1/2

[Event "ECC"]
[Site "Panormo GRE"]
[Date "2001.09.26"]
[Round "4"]
[White "Damaso,R"]
[Black "Jakubiec,A"]
[Result "0-1"]
[WhiteElo "2437"]
[BlackElo "2497"]
[EventDate "2001.09.22"]

1. d4 f5 2. g3 Nf6 3. Bg2 g6 4. Nh3 Bg7 5. Nf4 Nc6 6. h4 e5 7. dxe5 Nxe5 8.
h5 c6 9. c4 Qe7 10. Nc3 d6 11. b3 Nfg4 12. h6 Bf6 13. O-O Nf7 14. Qd2 O-O
15. Bb2 Bg5 16. e4 Bxh6 17. Rfe1 Nge5 18. Rad1 fxe4 19. Nxe4 Bg4 20. Nxd6
Bxd1 21. Nxf7 Qxf7 22. Qxd1 Rad8 23. Qe2 Bxf4 24. gxf4 Nd3 25. Bd5 cxd5 26.
Qxd3 Qxf4 0-1

[Event "ECC"]
[Site "Panormo GRE"]
[Date "2001.09.26"]
[Round "4"]
[White "Santos,CP"]
[Black "Jedynak,R"]
[Result "1/2-1/2"]
[WhiteElo "2423"]
[BlackElo "2347"]
[EventDate "2001.09.22"]

1. d4 e6 2. Nf3 Nf6 3. c4 c5 4. d5 exd5 5. cxd5 d6 6. Nc3 g6 7. Bf4 Bg7 8.
Qa4+ Qd7 9. Bxd6 Qxa4 10. Nxa4 Nxd5 11. O-O-O Nb4 12. a3 N4a6 13. e3 Be6
14. Ng5 Bb3 15. Bb5+ Nc6 16. Rd2 O-O-O 17. Bxa6 Bxa4 18. Bc4 Na5 19. Bxf7
Nb3+ 20. Bxb3 Bxb3 21. Ne4 b6 22. Bg3 Kb7 23. Bh4 Rd5 24. Re1 Kc6 25. f4
Re8 26. Nf2 Rxd2 27. Kxd2 c4 28. Rb1 Ba2 29. Ra1 Bb3 30. Rb1 Ba2 31. Ra1
1/2-1/2

[Event "ECC"]
[Site "Panormo GRE"]
[Date "2001.09.26"]
[Round "4"]
[White "Jedryczka,K"]
[Black "Santos,JP"]
[Result "1-0"]
[WhiteElo "2330"]
[BlackElo "2299"]
[EventDate "2001.09.22"]

1. e4 c6 2. d4 d5 3. exd5 cxd5 4. c4 Nf6 5. Nc3 g6 6. Qb3 Bg7 7. cxd5 O-O
8. Be2 Nbd7 9. Bf4 Nb6 10. Bf3 Bg4 11. Bxg4 Nxg4 12. Nf3 Nf6 13. d6 exd6
14. O-O Qd7 15. Nb5 Nc8 16. Rac1 Ne8 17. Rfe1 a6 18. Nc3 Nf6 19. Nd5 Nxd5
20. Qxd5 h6 21. h3 Rd8 22. Qa5 b6 23. Qd2 Kh7 24. d5 Ne7 25. Be3 Qb7 26.
Bxb6 Rd7 27. Bd4 Qxd5 28. b3 Nf5 29. Bxg7 Qxd2 30. Nxd2 Kxg7 31. Rc6 Ne7
32. Rc2 Rc8 33. Rxc8 Nxc8 34. Rc1 Ne7 35. Nf3 f5 36. Nd4 Kf6 37. Kf1 f4 38.
Ke2 d5 39. Kd3 g5 40. Rc2 Rd6 41. Rc7 Ng6 42. Nc6 Nf8 43. Nb8 Ne6 44. Rc8
Nd8 45. b4 Ke6 46. a4 d4 47. a5 Nf7 48. Re8+ 1-0

[Event "ECC"]
[Site "Panormo GRE"]
[Date "2001.09.26"]
[Round "4"]
[White "Gustafsson,J"]
[Black "Rozentalis,E"]
[Result "1/2-1/2"]
[WhiteElo "2535"]
[BlackElo "2588"]
[EventDate "2001.09.22"]

1. d4 e6 2. c4 Nf6 3. Nc3 Bb4 4. Qc2 O-O 5. a3 Bxc3+ 6. Qxc3 b6 7. Bg5 Ba6
8. Qf3 Nc6 9. e3 Bb7 10. O-O-O Qe7 11. Bd3 Na5 12. Qf4 h6 13. h4 Qd6 14.
Bxf6 Qxf4 15. exf4 gxf6 16. Ne2 d5 17. cxd5 Bxd5 18. Kb1 f5 19. Rc1 c6 20.
b4 Nb3 21. Rc3 a5 22. b5 c5 23. dxc5 Nxc5 24. Bc2 Rfd8 25. Rd1 Kf8 26. f3
Rd6 27. g4 fxg4 28. fxg4 Rad8 29. Kc1 a4 30. g5 hxg5 31. fxg5 Bb3 32. Rxd6
Rxd6 33. Re3 Rd5 34. g6 fxg6 35. Nf4 Rd4 36. Nxg6+ Kg7 37. Rg3 Kh6 38. Ne5
Rf4 39. Rg6+ Kh5 40. Rg8 Rf1+ 41. Kd2 Kxh4 42. Rh8+ Kg5 43. Rg8+ Kh4 44.
Rh8+ 1/2-1/2

[Event "ECC"]
[Site "Panormo GRE"]
[Date "2001.09.26"]
[Round "4"]
[White "Macieja,B"]
[Black "Bezold,M"]
[Result "1-0"]
[WhiteElo "2588"]
[BlackElo "2510"]
[EventDate "2001.09.22"]

1. e4 g6 2. d4 Bg7 3. Nf3 d6 4. Bc4 e6 5. Bb3 Ne7 6. a4 b6 7. a5 Ba6 8. Nc3
O-O 9. h4 c5 10. h5 Nbc6 11. hxg6 hxg6 12. d5 c4 13. Ba4 exd5 14. Bxc6 Nxc6
15. Nxd5 c3 16. Nxc3 Re8 17. Bg5 Qc8 18. Qxd6 Nxa5 19. O-O-O Nc4 20. Qh2
Nxb2 21. Qh7+ Kf8 22. e5 1-0

[Event "ECC"]
[Site "Panormo GRE"]
[Date "2001.09.26"]
[Round "4"]
[White "Novkovic,Mi"]
[Black "Socko,B"]
[Result "1/2-1/2"]
[WhiteElo "2396"]
[BlackElo "2559"]
[EventDate "2001.09.22"]

1. d4 Nf6 2. c4 g6 3. Nc3 Bg7 4. e4 d6 5. Bd3 O-O 6. Nge2 e5 7. d5 a5 8.
O-O Na6 9. b3 Bd7 10. a3 Nh5 11. Bc2 Qh4 12. Be3 f5 13. exf5 gxf5 14. f3
Kh8 15. Qd2 Qe7 16. Rae1 b6 17. f4 Rae8 18. Kh1 Qh4 19. Bf2 Qg4 20. Be3 Rg8
21. Rf2 Qh4 22. Ref1 exf4 23. Bxf4 Nxf4 24. Nxf4 Be5 25. Nce2 Nc5 26. Nd4
Rg4 27. Kg1 Qf6 28. Nde2 h6 29. b4 axb4 30. axb4 Na6 31. Bd3 Bc8 32. Qc2
Reg8 33. Qb1 Qg5 34. g3 h5 35. Ng2 h4 36. Rxf5 Bxf5 37. Rxf5 Qh6 38. h3
Rxg3 39. Nxg3 Rxg3 40. Be2 Bd4+ 41. Kh2 Be5 42. Kg1 Kg8 43. Qe4 Nxb4 44.
Rh5 Qg6 1/2-1/2

[Event "ECC"]
[Site "Panormo GRE"]
[Date "2001.09.26"]
[Round "4"]
[White "Gdanski,J"]
[Black "Gaertner,G"]
[Result "1-0"]
[WhiteElo "2537"]
[BlackElo "2392"]
[EventDate "2001.09.22"]

1. e4 c6 2. c4 d5 3. cxd5 cxd5 4. exd5 Nf6 5. Nc3 Nxd5 6. Nf3 Nxc3 7. bxc3
g6 8. Bc4 Bg7 9. O-O O-O 10. Re1 Nc6 11. a4 Bg4 12. Be2 e5 13. Ba3 Re8 14.
h3 Bf5 15. Bb5 Rc8 16. d4 exd4 17. Bxc6 Rxe1+ 18. Qxe1 bxc6 19. Nxd4 Bxd4
20. cxd4 Qd7 21. Qc3 Be6 22. Re1 Bd5 23. Re7 Qf5 24. Qg3 h5 25. Bd6 a6 26.
Kh2 Qf6 27. Bc5 Kh7 28. Re5 Be6 29. a5 Rd8 30. Re1 Rd5 31. Rb1 h4 32. Qe3
Rf5 33. f3 Bd5 34. Rb8 Qe6 35. Qxe6 Bxe6 36. Rb6 Bc4 37. Rxc6 Bb5 38. Rc7
g5 39. Kg1 Kg6 40. Kf2 Rd5 41. Ke3 f5 42. f4 g4 43. Rc8 gxh3 44. gxh3 Rd7
45. Rh8 Bc4 46. Rxh4 Rd8 47. Kd2 Re8 48. Bd6 Be2 49. Be5 Bh5 50. Kc3 Rc8+
51. Kb4 Rc1 52. d5 Rb1+ 53. Kc4 Be2+ 54. Kd4 Bf3 55. d6 Bh5 56. Kd5 Rd1+
57. Ke6 Be2 58. Rh8 Bc4+ 59. Ke7 Bb5 60. h4 1-0

[Event "ECC"]
[Site "Panormo GRE"]
[Date "2001.09.26"]
[Round "4"]
[White "Stisis,Y"]
[Black "Haimovich,T"]
[Result "1-0"]
[WhiteElo "2391"]
[BlackElo "2304"]
[EventDate "2001.09.22"]

1. e4 e6 2. d4 d5 3. Nc3 Nf6 4. Bg5 Bb4 5. e5 h6 6. Bd2 Bxc3 7. bxc3 Ne4 8.
Nf3 c5 9. Bd3 Nc6 10. O-O Bd7 11. Be1 Ng5 12. Rb1 Qc7 13. Nd2 c4 14. Be2
O-O-O 15. f4 Nh7 16. Nf3 Rdg8 17. Qd2 Ne7 18. Bf2 Bc6 19. Kh1 f5 20. exf6
gxf6 21. Nh4 f5 22. Qe3 Bd7 23. Nf3 Nf6 24. Bh4 Ng4 25. Qc1 Ng6 26. Bg3 Nf6
27. Qa3 Kb8 28. Ne5 Ne4 29. Be1 Nxe5 30. fxe5 Rg7 31. Bf3 Rhg8 32. Rd1 Bc6
33. Qc1 Rg6 34. Qe3 Qg7 35. Rg1 Ng5 36. Bh5 f4 37. Qd2 Nh3 38. Bxg6 Qxg6
39. Rf1 Qe4 40. Bh4 Rg4 41. Bf6 Ng5 42. Bxg5 hxg5 43. Rde1 Qh7 44. Rf3 Ba4
45. Rh3 Qf5 46. Re2 b6 47. Rf2 Kb7 48. Qe2 Ka6 49. Rh6 Rh4 50. Rxh4 gxh4
51. Qd2 h3 52. Qxf4 hxg2+ 53. Kxg2 Qg6+ 54. Qg3 Qh7 55. Qh3 Qg6+ 56. Qg3
Qh7 57. h4 Bxc2 58. Kh3 Bf5+ 59. Kh2 b5 60. a3 Ka5 61. Qg5 Ka4 62. h5 Bc2
63. h6 Bd3 64. Qf4 Qg6 65. Rg2 Qh5+ 66. Kg3 Be4 67. Rh2 Qd1 68. Qe3 Qb1 69.
Kh4 Kxa3 70. Kg5 Kb3 71. Kf6 Bf5 72. Rh5 Qd3 73. Qf4 b4 74. Rxf5 exf5 75.
e6 bxc3 76. e7 Qd2 77. Qb8+ Kc2 78. e8=Q Qxh6+ 79. Kxf5 Qh7+ 80. Kf4 Qh4+
81. Kf3 Qxd4 82. Qe3 Qd3 83. Qh2+ Qd2 84. Qh7+ Qd3 85. Qexd3+ cxd3 86. Ke3
d4+ 87. Kxd4 1-0

[Event "ECC"]
[Site "Panormo GRE"]
[Date "2001.09.26"]
[Round "4"]
[White "Ben Menachem,I"]
[Black "Bitansky,I"]
[Result "1/2-1/2"]
[WhiteElo "2331"]
[BlackElo "2363"]
[EventDate "2001.09.22"]

1. d4 Nf6 2. c4 g6 3. Nc3 Bg7 4. e4 d6 5. f4 O-O 6. Nf3 c5 7. Be2 cxd4 8.
Nxd4 Nc6 9. Be3 Nd7 10. Nb3 a5 11. a4 b6 12. O-O Nc5 13. Nxc5 bxc5 14. Qd2
Nd4 15. Rae1 Bb7 16. f5 e6 17. fxe6 fxe6 18. Rxf8+ Qxf8 19. Rf1 Qe7 20. Bg5
Nxe2+ 21. Nxe2 Qd7 22. Nc3 Rf8 23. Rxf8+ Bxf8 24. Bf4 Qe7 25. Nb5 e5 26.
Bg5 Qe6 27. Qe2 Qd7 28. h3 h5 29. Bd2 Qd8 30. Qe1 Qf6 31. Bxa5 Qf4 32. Bd2
Qxe4 33. Qxe4 Bxe4 34. a5 Kf7 35. a6 Ke6 36. a7 Kd7 37. Ba5 Be7 38. Bc7 Bb7
39. g3 Kc6 40. h4 Ba8 41. Kf2 d5 42. Bxe5 dxc4 43. Nc7 Kb7 44. Nd5 Bd8 45.
Nf4 Kxa7 46. Nxg6 Bd5 47. Nf4 Bf7 48. Kf3 Kb6 49. g4 Bxh4 50. gxh5 Bg5 51.
Bg7 Bxf4 1/2-1/2

[Event "ECC"]
[Site "Panormo GRE"]
[Date "2001.09.26"]
[Round "4"]
[White "Borriss,M"]
[Black "Upton,T"]
[Result "1-0"]
[WhiteElo "2445"]
[BlackElo "2303"]
[EventDate "2001.09.22"]

1. e4 e5 2. Nf3 Nc6 3. Bb5 a6 4. Ba4 d6 5. O-O Bd7 6. c3 Nge7 7. d4 Ng6 8.
Re1 Be7 9. Nbd2 O-O 10. Nf1 Nh4 11. Nxh4 Bxh4 12. Be3 Bg5 13. Qd2 Bxe3 14.
Nxe3 Qg5 15. Bc2 Ne7 16. dxe5 Qxe5 17. g3 Bc6 18. f4 Qh5 19. f5 Rad8 20.
Rf1 Qg5 21. Rf4 h5 22. Raf1 d5 23. e5 Nc8 24. f6 g6 25. Qd4 Rfe8 26. Nf5
gxf5 27. Rxf5 Qh6 28. Qf4 Qxf4 29. gxf4 Nd6 30. Rg5+ Kf8 31. Bh7 1-0

[Event "ECC"]
[Site "Panormo GRE"]
[Date "2001.09.26"]
[Round "4"]
[White "Heidenfeld,M"]
[Black "Thorhallsson,T"]
[Result "0-1"]
[WhiteElo "2377"]
[BlackElo "2456"]
[EventDate "2001.09.22"]

1. e4 e6 2. d4 d5 3. Nc3 Nf6 4. Bg5 Be7 5. e5 Nfd7 6. Bxe7 Qxe7 7. f4 a6 8.
Nf3 c5 9. dxc5 Nc6 10. Bd3 Qxc5 11. Qd2 b5 12. Ne2 a5 13. c3 b4 14. Rc1 Qb6
15. Nfd4 Nxd4 16. cxd4 O-O 17. O-O Ba6 18. Bxa6 Qxa6 19. f5 exf5 20. Rc7
Nxe5 21. Rxf5 Nc4 22. Qd3 Qe6 23. b3 Ne3 24. Re5 Qd6 25. Rc5 Ng4 26. Rh5 g6
27. Rcxd5 Qf6 28. Qg3 gxh5 29. h3 Qe6 30. Re5 Qg6 31. hxg4 hxg4 32. Nf4 Qg7
33. Nh5 Qh6 34. Qxg4+ Kh8 35. Qf3 f6 36. Re7 Rae8 37. Rxe8 Rxe8 38. Kh2 Qg5
0-1

[Event "ECC"]
[Site "Panormo GRE"]
[Date "2001.09.26"]
[Round "4"]
[White "Gunnarsson,J"]
[Black "O'Connor,Jon"]
[Result "1-0"]
[WhiteElo "2404"]
[BlackElo "2165"]
[EventDate "2001.09.22"]

1. e4 e6 2. d4 d5 3. Nc3 Bb4 4. e5 c5 5. a3 Bxc3+ 6. bxc3 Ne7 7. a4 Nbc6 8.
Nf3 Qa5 9. Qd2 Bd7 10. Ba3 cxd4 11. cxd4 Qxd2+ 12. Kxd2 Nf5 13. Rb1 b6 14.
c3 f6 15. g4 Nfe7 16. Bd3 Kf7 17. exf6 gxf6 18. g5 Rag8 19. h4 h6 20. gxf6
Kxf6 21. Bd6 Nc8 22. Bf4 Rg4 23. Ke3 Ke7 24. Rbg1 h5 25. Rxg4 hxg4 26. Ne5
Nxe5 27. Bxe5 Rg8 28. h5 1-0

[Event "ECC"]
[Site "Panormo GRE"]
[Date "2001.09.26"]
[Round "4"]
[White "Keogh,E"]
[Black "Jonsson,B"]
[Result "0-1"]
[WhiteElo "2152"]
[BlackElo "2395"]
[EventDate "2001.09.22"]

1. e4 c5 2. f4 Nc6 3. Nf3 g6 4. c3 d5 5. e5 d4 6. d3 Bg7 7. c4 f6 8. exf6
Nxf6 9. Be2 O-O 10. Na3 Nh5 11. g3 e5 12. fxe5 Qe8 13. O-O Bh3 14. Rf2 Nxe5
15. Nxe5 Qxe5 16. Bxh5 Rxf2 17. Kxf2 gxh5 18. Bf4 Rf8 19. Qe1 Qe3+ 20. Qxe3
dxe3+ 21. Kxe3 Bxb2 22. Nc2 Bxa1 23. Nxa1 Re8+ 24. Kd2 Bf1 25. Nb3 b6 26.
Be3 Kf7 27. h4 Kg6 28. Nc1 Kf5 29. Bf4 Kg4 30. Kc3 Rf8 31. Bc7 Rf3 32. a4
Rxg3 33. a5 Kxh4 34. axb6 axb6 35. Bxb6 Kg4 36. Bxc5 h4 37. Bd6 h3 0-1

[Event "ECC"]
[Site "Panormo GRE"]
[Date "2001.09.26"]
[Round "4"]
[White "Stefansson,H"]
[Black "Harestad,T"]
[Result "1-0"]
[WhiteElo "2586"]
[BlackElo "2235"]
[EventDate "2001.09.22"]

1. d4 Nf6 2. c4 g6 3. Nc3 Bg7 4. e4 d6 5. f3 O-O 6. Bg5 c5 7. d5 e6 8. Qd2
exd5 9. cxd5 a6 10. a4 Re8 11. Nge2 Qa5 12. Ra3 Nbd7 13. Nc1 Qc7 14. Be2
Rb8 15. O-O b6 16. Kh1 c4 17. N1a2 b5 18. axb5 axb5 19. b4 Nf8 20. Ra1 h5
21. Nc1 Bd7 22. Bf4 Rb6 23. Ra7 Qb8 24. Bd1 N6h7 25. N1e2 Be5 26. Nd4 Nf6
27. Be3 Rb7 28. Rxb7 Qxb7 29. f4 Bxd4 30. Qxd4 N8h7 31. Ra7 Qb8 32. h3 h4
33. Bf2 Bc8 34. Ra5 Bd7 35. Bxh4 Nh5 36. Ra7 Qc8 37. Bxh5 gxh5 38. f5 Re5
39. Bg3 1-0

[Event "ECC"]
[Site "Panormo GRE"]
[Date "2001.09.26"]
[Round "4"]
[White "Harestad,H"]
[Black "Olafsson,H"]
[Result "0-1"]
[WhiteElo "2196"]
[BlackElo "2460"]
[EventDate "2001.09.22"]

1. d4 Nf6 2. c4 e6 3. Nc3 Bb4 4. Qc2 c5 5. dxc5 Qc7 6. a3 Bxc5 7. e3 a6 8.
Nf3 b6 9. Bd3 Bb7 10. b4 Be7 11. Bb2 d6 12. O-O Nbd7 13. Rfd1 O-O 14. Ne4
Rac8 15. Rac1 h6 16. Nxf6+ Bxf6 17. Bxf6 Nxf6 18. Nd4 Qb8 19. Qe2 Rfd8 20.
e4 Rd7 21. Rc2 Rdc7 22. Rdc1 Qa7 23. e5 dxe5 24. Qxe5 Rd7 25. Be2 Be4 26.
Rd2 Rd5 27. cxd5 Rxc1+ 28. Rd1 Rxd1+ 29. Bxd1 Bxd5 30. Qd6 Qb7 31. f3 Qc8
32. Bc2 Nd7 33. Kf2 Qc3 34. Qxd7 Qxd4+ 35. Kg3 g5 36. Qc8+ Kg7 37. h3 Qe5+
38. Kf2 Qb2 0-1

[Event "ECC"]
[Site "Panormo GRE"]
[Date "2001.09.26"]
[Round "4"]
[White "Arnason,J"]
[Black "Vestly,J"]
[Result "1-0"]
[WhiteElo "2528"]
[BlackElo "2109"]
[EventDate "2001.09.22"]

1. c4 e5 2. Nc3 Nc6 3. g3 Nf6 4. Bg2 Bb4 5. Nd5 Bc5 6. Nf3 d6 7. O-O O-O 8.
a3 a5 9. e3 Bg4 10. h3 Bh5 11. d3 Nxd5 12. cxd5 Ne7 13. g4 Bg6 14. d4 exd4
15. Nxd4 Re8 16. b3 Qd7 17. Bb2 Bb6 18. Rc1 Rac8 19. Qe2 f6 20. Rfd1 Bf7
21. Qb5 Qxb5 22. Nxb5 Red8 23. Bd4 Be8 24. Bxb6 cxb6 25. Nc7 Bd7 26. Rc3
Kf7 27. Rdc1 Rh8 28. Bf3 h6 29. Be2 Rhd8 30. f4 h5 31. gxh5 Bxh3 32. e4 Bd7
33. Ne6 Rh8 34. Rc7 Rxc7 35. Rxc7 Bc8 36. Kf2 Rh6 37. f5 Rh8 38. Nf4 Rd8
39. Bb5 Kf8 40. a4 1-0

[Event "ECC"]
[Site "Panormo GRE"]
[Date "2001.09.26"]
[Round "4"]
[White "Georgiev,Vl"]
[Black "Konopka,M"]
[Result "1/2-1/2"]
[WhiteElo "2584"]
[BlackElo "2479"]
[EventDate "2001.09.22"]

1. c4 e6 2. Nc3 b6 3. d4 Bb7 4. a3 g6 5. e4 Bg7 6. h4 Ne7 7. h5 d6 8. Be3
Nd7 9. Nf3 gxh5 10. Bd3 Nf6 11. Qd2 h6 12. O-O-O Qd7 13. d5 O-O-O 14. Bc2
Kb8 15. Nd4 Ng4 16. Rxh5 Nxe3 17. Qxe3 Bxd4 18. Qxd4 e5 19. Qe3 Qg4 20. Rh2
f5 21. Rdh1 f4 22. Qe1 Qg5 23. Kb1 h5 24. Qd1 h4 25. g3 Ng6 26. gxh4 Nxh4
27. Na2 Rdg8 28. Nb4 Ng6 29. Rxh8 Rxh8 30. Rg1 Qf6 31. Qf1 Ne7 32. Qg2 a5
1/2-1/2

[Event "ECC"]
[Site "Panormo GRE"]
[Date "2001.09.26"]
[Round "4"]
[White "Pribyl,J"]
[Black "Mitkov,M"]
[Result "1/2-1/2"]
[WhiteElo "2397"]
[BlackElo "2413"]
[EventDate "2001.09.22"]

1. c4 e6 2. Nf3 Nf6 3. g3 d5 4. b3 b6 5. Bg2 Bb7 6. O-O Nbd7 7. Bb2 Be7 8.
d3 O-O 9. Nc3 c5 10. e3 Rc8 11. Qe2 Qc7 12. Rfd1 Rfe8 13. Rac1 Qb8 14. cxd5
exd5 15. d4 Nf8 16. Ne5 Ne6 17. f4 Rcd8 18. Kh1 Ne4 19. Nxe4 dxe4 20. f5 f6
21. fxe6 fxe5 22. dxe5 Qc8 23. Qg4 Bd5 24. Rxd5 Rxd5 25. Bxe4 Rd2 26. Bc3
Rf2 27. Kg1 Ref8 28. Qh5 g6 29. Bxg6 hxg6 30. Qxg6+ Kh8 31. Qh6+ Kg8 32.
Qg6+ Kh8 33. Qh6+ Kg8 1/2-1/2

[Event "ECC"]
[Site "Panormo GRE"]
[Date "2001.09.26"]
[Round "4"]
[White "Stamenkov,V"]
[Black "Freisler,P"]
[Result "1-0"]
[WhiteElo "2378"]
[BlackElo "2350"]
[EventDate "2001.09.22"]

1. d4 Nf6 2. Nf3 d6 3. g3 Nbd7 4. Bg2 e5 5. c4 c6 6. Nc3 Be7 7. O-O O-O 8.
e4 a6 9. Qc2 b5 10. Rd1 Qc7 11. c5 dxc5 12. dxe5 Nxe5 13. Nxe5 Qxe5 14. f4
Qh5 15. f5 c4 16. Rf1 Bc5+ 17. Kh1 Ng4 18. Bf3 Qh3 19. Bf4 g6 20. Bxg4 Qxg4
21. Bh6 Re8 22. Qg2 Qh5 23. Bd2 g5 24. e5 Rxe5 25. Ne4 Be7 26. g4 Qh6 27.
Bc3 Rd5 28. Rae1 Bb7 29. Ng3 Bf6 30. Nh5 Bxc3 31. bxc3 c5 32. Kg1 Rd7 33.
Qe2 Kf8 34. Qe5 f6 35. Nxf6 Rf7 36. Qd6+ Kg7 37. Nh5+ 1-0

[Event "ECC"]
[Site "Panormo GRE"]
[Date "2001.09.26"]
[Round "4"]
[White "Jirovsky,Pe"]
[Black "Kutirov,R"]
[Result "1-0"]
[WhiteElo "2423"]
[BlackElo "2390"]
[EventDate "2001.09.22"]

1. e4 c6 2. d4 d5 3. e5 Bf5 4. h4 h5 5. c4 e6 6. Nc3 Ne7 7. Bg5 dxc4 8.
Bxc4 Qb6 9. Qd2 Nd5 10. Nge2 Na6 11. O-O Nac7 12. Rac1 f6 13. exf6 gxf6 14.
Bxd5 fxg5 15. Be4 Bxe4 16. Nxe4 gxh4 17. Qg5 Rd8 18. Nf6+ Kf7 19. Rc3 Qb5
20. Qf4 Bd6 21. Qxh4 Qxe2 22. Rf3 Qxf3 23. gxf3 Nb5 24. Ne4 Be7 25. Qf4+
Ke8 26. Rd1 Rf8 27. Qe5 Rxf3 28. a4 Nd6 29. Qxh5+ Rf7 30. Nc5 Bf6 31. Re1
Bxd4 32. Rxe6+ Kf8 33. Qh6+ Rg7+ 34. Rg6 Nf7 35. Ne6+ 1-0

[Event "ECC"]
[Site "Panormo GRE"]
[Date "2001.09.26"]
[Round "4"]
[White "Andonovski,L"]
[Black "Forman,S"]
[Result "1-0"]
[WhiteElo "2335"]
[BlackElo "2246"]
[EventDate "2001.09.22"]

1. d4 Nf6 2. c4 e5 3. dxe5 Ng4 4. Bf4 Nc6 5. Nf3 Bb4+ 6. Nbd2 Qe7 7. a3
Ngxe5 8. Nxe5 Nxe5 9. e3 Bxd2+ 10. Qxd2 d6 11. Be2 O-O 12. O-O Ng6 13. Bg3
Be6 14. Rac1 Rad8 15. e4 Bd7 16. f3 Bc6 17. Rfe1 Qd7 18. b4 b6 19. Qc3 h5
20. h3 h4 21. Bf2 Qe7 22. Qd2 Rfe8 23. Bf1 Qe5 24. Bd4 Qg3 25. Bf2 Qe5 26.
Be3 Qg3 27. Bd3 Ne5 28. Be2 Ng6 29. Bf2 Qe5 30. Bd3 Rd7 31. Bb1 Rde7 32. c5
dxc5 33. bxc5 Rd7 34. Qc3 Qxc3 35. Rxc3 b5 36. Rcc1 Red8 37. Bc2 Rd2 38.
Be3 R2d7 39. f4 f6 40. e5 Ne7 41. exf6 gxf6 42. Bf2 Kf7 43. Bxh4 Rd2 44.
Bf2 Nd5 45. Bb3 Rd3 46. Re3 Rxb3 47. Rxb3 Nxf4 48. Ra1 Nxg2 49. Bg3 Rg8 50.
Kf2 Rg5 51. Rc1 Rf5+ 52. Ke2 Nf4+ 53. Bxf4 Rxf4 54. Rb4 Rf3 55. Rh4 Rxa3
56. Rh7+ Ke6 57. Rxc7 Be4 58. c6 Rxh3 59. Rc8 Bd3+ 60. Kd2 Bc4 61. Rd8 Rh2+
62. Kc3 Rh7 63. Re1+ Kf5 64. Rd7 Rh8 65. c7 Be6 66. Rd8 Rh3+ 67. Kd2 Rh2+
68. Re2 Rh7 69. Rxe6 Rxc7 70. Rdd6 Rf7 71. Ra6 Kg5 72. Ke3 b4 73. Re4 Rb7
74. Ra4 1-0

[Event "ECC"]
[Site "Panormo GRE"]
[Date "2001.09.26"]
[Round "4"]
[White "Svetushkin,D"]
[Black "Lipka,J"]
[Result "1-0"]
[WhiteElo "2461"]
[BlackElo "2432"]
[EventDate "2001.09.22"]

1. e4 e6 2. Qe2 c5 3. d3 Nc6 4. c3 g6 5. g3 Bg7 6. Bg2 Nge7 7. f4 d6 8. Nf3
O-O 9. O-O Rb8 10. Be3 b5 11. d4 cxd4 12. cxd4 d5 13. e5 a5 14. Nbd2 a4 15.
Rfd1 b4 16. Bf2 Bh6 17. Nf1 Rb6 18. Ne3 Ba6 19. Qe1 Nb8 20. h4 Nd7 21. Rac1
Qb8 22. h5 Rc8 23. Rxc8+ Bxc8 24. Bf1 Ba6 25. Bxa6 Rxa6 26. Qf1 Rc6 27. Qh3
Bg7 28. hxg6 hxg6 29. Ng5 Qc7 30. Kg2 Rc1 31. Nxe6 fxe6 32. Qxe6+ Kf8 33.
Rxc1 Qxc1 34. Qxd7 Qxb2 35. e6 Bf6 36. Ng4 Kg7 37. Qe8 1-0

[Event "ECC"]
[Site "Panormo GRE"]
[Date "2001.09.26"]
[Round "4"]
[White "Banas,J"]
[Black "Slovineanu,V"]
[Result "0-1"]
[WhiteElo "2361"]
[BlackElo "2406"]
[EventDate "2001.09.22"]

1. c4 e5 2. Nc3 d6 3. d4 Nd7 4. Nf3 Ngf6 5. e4 Be7 6. Be2 O-O 7. O-O c6 8.
Be3 Ng4 9. Bd2 Ngf6 10. d5 a5 11. Qc2 Ne8 12. a3 g6 13. b4 f5 14. dxc6 bxc6
15. exf5 gxf5 16. b5 Bb7 17. bxc6 Bxc6 18. Nd5 Nc5 19. Be3 Rc8 20. Nxe7+
Qxe7 21. Bxc5 dxc5 22. Qc3 e4 23. Ne5 f4 24. Bg4 Rc7 25. Nxc6 Rxc6 26. Rfe1
Nf6 27. Bf5 Rd6 28. Qxa5 Qe5 29. Bh3 f3 30. Rab1 fxg2 31. Qc7 Ne8 32. Qc8
Rg6 33. Qd7 Nd6 34. Qc6 Nxc4 35. Qd7 e3 36. fxe3 Nxe3 0-1

[Event "ECC"]
[Site "Panormo GRE"]
[Date "2001.09.26"]
[Round "4"]
[White "Petrenko,S"]
[Black "Franzen,Joz"]
[Result "1/2-1/2"]
[WhiteElo "2357"]
[BlackElo "2291"]
[EventDate "2001.09.22"]

1. e4 e5 2. Nf3 Nc6 3. Bc4 Nf6 4. d3 h6 5. Nbd2 d6 6. c3 g6 7. Bb3 Bg7 8.
O-O O-O 9. Re1 Qe7 10. Nf1 Nh5 11. Ne3 Nf4 12. Nd5 Nxd5 13. Bxd5 Nd8 14.
Be3 Kh7 15. d4 Ne6 16. Qc2 Qf6 17. Bxe6 Bxe6 18. d5 Bd7 19. c4 Qe7 20. Nd2
f5 21. f3 c5 22. dxc6 bxc6 23. b4 Be6 24. Nb3 Rab8 25. a3 Rfc8 26. Rac1 Bf6
27. Qd3 Rb7 28. Red1 Rd7 29. Na5 f4 30. Bf2 g5 31. b5 c5 32. g4 fxg3 33.
hxg3 Qf7 34. Kg2 Rh8 35. Rh1 Kg8 36. Rh2 Be7 37. Nc6 Bf8 38. Na5 Qf6 39.
Nb3 g4 40. Nd2 Rf7 41. Bg1 Rhh7 42. Rf1 gxf3+ 1/2-1/2

[Event "ECC"]
[Site "Panormo GRE"]
[Date "2001.09.26"]
[Round "4"]
[White "Berzinsh,R"]
[Black "Bator,R"]
[Result "0-1"]
[WhiteElo "2478"]
[BlackElo "2403"]
[EventDate "2001.09.22"]

1. e4 c5 2. Nf3 Nc6 3. d4 cxd4 4. Nxd4 e5 5. Nb5 d6 6. g3 a6 7. N5c3 Be7 8.
Bg2 h6 9. O-O Nf6 10. h3 O-O 11. Be3 Na5 12. Nd2 b5 13. Qe2 Bd7 14. a4 b4
15. Na2 Qb8 16. c3 bxc3 17. bxc3 Qc8 18. c4 Bxh3 19. Nb4 Bxg2 20. Kxg2 Nc6
21. Nd5 Nxd5 22. cxd5 Nd4 23. Bxd4 exd4 24. Rfc1 Qd7 25. Rc6 a5 26. Nc4 Ra7
27. Rc1 f5 28. Nb6 Qe8 29. Nc8 f4 30. Qg4 f3+ 31. Kg1 Rb7 32. Rc7 Rxc7 33.
Rxc7 Bf6 34. Nxd6 Qe5 35. Qe6+ Qxe6 36. dxe6 d3 37. Rd7 Rd8 38. Nc4 Rxd7
39. exd7 Kf8 40. Nd2 Ke7 41. Nxf3 Bc3 42. Kf1 Kxd7 43. Nh4 Kd6 44. Ng6 Kc5
45. e5 Kd5 46. f4 Bb4 47. f5 Kc4 48. Nf4 Kc3 49. Nd5+ Kc2 50. Ne3+ Kd2 51.
Nd5 Kc1 52. Ne3 Bc5 0-1